| 000 | 01640nam a22003014aa4500 | ||
|---|---|---|---|
| 003 | BOFEUTO | ||
| 005 | 20260626103131.0 | ||
| 008 | 260611t2025 bo gr 000 f spa d | ||
| 040 |
_6BOFEUTO _aBOFEUTO _cBOFEUTO |
||
| 041 | _aspa | ||
| 044 | _abo | ||
| 082 |
_aTE6322 _bAg282m |
||
| 100 |
_aAguilar Rodríguez, Daniela Maite _eautor |
||
| 245 |
_aModelo probabilístico para optimizar inventarios en la Empresa Nuevo Milenio S.R.L. de la ciudad de Oruro / _cDaniela Maite Aguilar Rodríguez, Joshua Alfredo Bellot Sáenz |
||
| 260 |
_aOruro : _bs/n, _c2025. |
||
| 300 |
_a116 hojas ; _bilus. gráf. ; _c28.5 cm. |
||
| 500 | _aIncluye bibliografía, anexos. | ||
| 502 | _aTrabajo Dirigido, (Licenciatura) -- Universidad Técnica de Oruro, Facultad de Ciencias Económicas, Financieras y Administrativas, Carrera Ingeniería Comercial, 2025. | ||
| 520 | _aLa optimización de inventarios es una estrategia que las empresa utilizan para controlar y gestionar los niveles de existencia, desde la fabricación hasta la venta. El objetivo es tener los productos correctos en el momento adecuado y en el lugar adecuado, para satisfacer la demanda de los clientes y minimizar los costos, es por este motivo que el presente trabajo presenta como objetivo general determinar cuáles son las variables que inciden en la optimización de inventarios en la empresa Nuevo Milenio de la ciudad de Oruro, gestión 2024. | ||
| 650 | _aOptimización | ||
| 653 | _aVentas | ||
| 653 | _aOptimización | ||
| 653 | _aInventario | ||
| 653 | _aStock | ||
| 653 | _aCostos | ||
| 700 |
_aBellot Sáenz, Joshua Alfredo _etutor |
||
| 942 |
_2ddc _cTE _n0 |
||
| 999 |
_c16180 _d16180 |
||